| 000 -CABECERA |
| campo de control de longitud fija |
01006nam a2200313 u 4500 |
| 001 - NÚMERO DE CONTROL |
| campo de control |
000056919 |
| 005 - FECHA Y HORA DE LA ÚLTIMA TRANSACCIÓN |
| campo de control |
20200120223357.0 |
| 008 - DATOS DE LONGITUD FIJA--INFORMACIÓN GENERAL |
| campo de control de longitud fija |
130624s2011 sp a jr 000 f spa d |
| 020 ## - NÚMERO INTERNACIONAL ESTÁNDAR DEL LIBRO |
| Número Internacional Estándar del Libro |
8424131738. |
| 041 0# - CÓDIGO DE LENGUA |
| Código de lengua del texto/banda sonora o título independiente |
/spa |
| 043 ## - CÓDIGO DE ÁREA GEOGRÁFICA |
| Código de área geográfica |
e-fr--- |
| 090 ## - LOCALMENTE ASIGNADO TIPO-LC NÚMERO DE CLASIFICACIÓN (OCLC); NÚMERO DE CLASIFICACIÓN LOCAL (RLIN) |
| Número de clasificación (OCLC) (R) ; Numero de clasificación, CALL (RLIN) (NR) |
JN |
| Número cutter local (OCLC) ; Número de libro/Signatura topográfica íntegra, CALL (RLIN) |
CORSY |
| 100 1# - ENTRADA PRINCIPAL--NOMBRE DE PERSONA |
| Nombre de persona |
Corgiat, Sylviane. |
| 245 10 - MENCIÓN DE TÍTULO |
| Título |
Traficantes de memoria / |
| Mención de responsabilidad, etc. |
Sylviane Corgiat ; traducción J. de Lorbar ; ilustraciones F. Boudignon. |
| 250 ## - MENCIÓN DE EDICIÓN |
| Mención de edición |
1a. ed. |
| 260 ## - PUBLICACIÓN, DISTRIBUCIÓN, ETC. |
| Lugar de publicación, distribución, etc. |
León (España) : |
| Nombre del editor, distribuidor, etc. |
Everest, |
| Fecha de publicación, distribución, etc. |
[s.f.]. |
| 300 ## - DESCRIPCIÓN FÍSICA |
| Extensión |
202 p. : |
| Otras características físicas |
il. |
| 490 0# - MENCIÓN DE SERIE |
| Mención de serie |
La torre y la flor. |
| -- |
Maestros de la aventura |
| Designación de volumen o secuencia |
97 |
| 500 ## - NOTA GENERAL |
| Nota general |
Título original. : Les trafiquants de memoire. |
| 650 14 - PUNTO DE ACCESO ADICIONAL DE MATERIA--TÉRMINO DE MATERIA |
| Término de materia o nombre geográfico como elemento de entrada |
Novela juvenil francesa. |
| 650 24 - PUNTO DE ACCESO ADICIONAL DE MATERIA--TÉRMINO DE MATERIA |
| Término de materia o nombre geográfico como elemento de entrada |
Literatura juvenil francesa. |
| 650 24 - PUNTO DE ACCESO ADICIONAL DE MATERIA--TÉRMINO DE MATERIA |
| Término de materia o nombre geográfico como elemento de entrada |
Aventuras en la literatura. |
| 650 24 - PUNTO DE ACCESO ADICIONAL DE MATERIA--TÉRMINO DE MATERIA |
| Término de materia o nombre geográfico como elemento de entrada |
Amnesía en la literatura. |
| 650 24 - PUNTO DE ACCESO ADICIONAL DE MATERIA--TÉRMINO DE MATERIA |
| Término de materia o nombre geográfico como elemento de entrada |
Genética en la literatura, |
| 650 24 - PUNTO DE ACCESO ADICIONAL DE MATERIA--TÉRMINO DE MATERIA |
| Término de materia o nombre geográfico como elemento de entrada |
Egipto en la literatura. |
| 700 1# - PUNTO DE ACCESO ADICIONAL--NOMBRE DE PERSONA |
| Nombre de persona |
Lorbar, Jorge de, |
| 700 1# - PUNTO DE ACCESO ADICIONAL--NOMBRE DE PERSONA |
| Término indicativo de función/relación |
traductor. |
| 700 1# - PUNTO DE ACCESO ADICIONAL--NOMBRE DE PERSONA |
| Nombre de persona |
Boudignon, F., |
| Término indicativo de función/relación |
ilustrador. |